| 000 | 00391nam a22001697a 4500 | ||
|---|---|---|---|
| 005 | 20160618151742.0 | ||
| 008 | 160618b xxu||||| |||| 00| 0 eng d | ||
| 020 | _a81-71648-611-6 | ||
| 041 | _aeng | ||
| 082 | _b8191 | ||
| 100 |
_aReddy, R Jaya Prakash _91594 |
||
| 245 | _aManagement Control Systems | ||
| 260 |
_bAPH _c2004 |
||
| 300 | _a204 | ||
| 650 |
_aManagement _9241 |
||
| 942 | _cBK | ||
| 999 |
_c3145 _d3144 |
||